000
00231nam a22000857a 4500
008
160712b xxu||||| |||| 00| 0 eng d
100
_9
2681
_a
Lewis, J.A
245
_a
Substance Abuse Counseling
260
_a
California
_b
Brroks/Cole
_c
1988
999
_c
2331
_d
2331